[Event "Challenge"]
[Site "http://www.queenalice.com/game.php?id=704752"]
[Date "2009.12.28"]
[Round "-"]
[White "nekaun"]
[Black "TiagoAntunes"]
[Result "0-1"]
[WhiteElo "1341"]
[BlackElo "1962"]

1. e4 e5 2. d4 exd4 3. Qxd4 Nc6 4. Qe3 Nf6 5. Nc3 Be7 6. e5 Ng4 7. Qg3 Ncxe5 8.
f3 Bh4 9. Qxh4 Qxh4+ 10. g3 Qe7 11. fxg4 Nd3+ 12. Kd2 Qe1+ 13. Kxd3 Qxf1+ 14.
Nce2 O-O 15. b3 Qg2 16. Be3 Qxh1 17. Nf4 Qxh2 18. a4 Qxg3 19. Nge2 Qxg4 20. Rg1
Qf5+ 21. Kd2 Re8 22. Rg3 d5 23. Rg5 Qxg5 24. Nd4 Rxe3 25. Kxe3 Qe5+ 26. Kf3 Qxd4
27. Ne2 Bg4+ 28. Kg2 Bxe2 29. c3 Qe4+ 30. Kh3 h5 31. Kh2 h4 32. b4 Bf1 33. b5
Qg2# 0-1

[Event "Challenge"]
[Site "http://www.queenalice.com/game.php?id=704753"]
[Date "2009.12.28"]
[Round "-"]
[White "nekaun"]
[Black "TomasJeferson"]
[Result "1-0"]
[WhiteElo "1373"]
[BlackElo "1331"]

1. e4 d5 2. Qf3 Nf6 3. Bd3 e6 4. Nc3 Nc6 5. Qe3 Bd6 6. Qf3 Ne5 7. Qd1 d4 8. Nce2
c5 9. Nf3 Bd7 10. Nf4 b5 11. b3 O-O 12. c3 c4 13. bxc4 bxc4 14. Be2 d3 15. Bf1
Qb6 16. Nd4 a5 17. Bb2 Nxe4 18. f3 Ng5 19. Rb1 a4 20. Ba3 Qa6 21. Bxd6 Qxd6 22.
Rb5 Bxb5 23. Nxb5 Qc5 24. Qb1 a3 25. Nd4 Rab8 26. Qd1 Rb2 27. h4 Rxa2 28. hxg5
Rb2 29. Qa1 Rfb8 30. Kf2 1-0

[Event "Challenge"]
[Site "http://www.queenalice.com/game.php?id=704754"]
[Date "2009.12.28"]
[Round "-"]
[White "nekaun"]
[Black "jumping"]
[Result "0-1"]
[WhiteElo "1418"]
[BlackElo "1707"]

1. e4 e5 2. d4 Nc6 3. d5 Nd4 4. Be3 Nf6 5. Bxd4 exd4 6. Qxd4 b6 7. Nf3 Bc5 8.
Qd3 O-O 9. Be2 Bb7 10. Nc3 Ng4 11. O-O Re8 12. Nd1 Ne5 13. Nxe5 Rxe5 14. Qg3
Rxe4 15. Bd3 Re8 16. Ne3 c6 17. Qh3 g6 18. Ng4 Qg5 19. Rae1 cxd5 20. Re5 Rxe5
21. Nxe5 Qxe5 22. Qxd7 Qe7 23. Qg4 d4 24. c3 dxc3 25. bxc3 Rd8 26. Bc4 Qe5 27.
g3 Qxc3 28. Qf4 Bd5 29. Rd1 Bd6 30. Qf6 Qxf6 31. Rxd5 Qc3 32. Bb3 Qe1+ 33. Kg2
Qe4+ 34. Kg1 Be7 35. h3 Rxd5 36. Bxd5 Qxd5 37. Kh2 Qxa2 38. h4 Qxf2+ 39. Kh3 f5
0-1

[Event "Challenge"]
[Site "http://www.queenalice.com/game.php?id=704755"]
[Date "2009.12.28"]
[Round "-"]
[White "nekaun"]
[Black "Scooby_99"]
[Result "1-0"]
[WhiteElo "1363"]
[BlackElo "1565"]

1. e4 e5 2. d4 Nc6 3. Nf3 exd4 4. Nxd4 Nxd4 5. Qxd4 Nf6 6. Bg5 c5 7. Qe5+ Be7 8.
Nc3 d6 9. Bb5+ Bd7 10. Bxd7+ Qxd7 11. Qf4 c4 12. Rd1 h6 13. Bxf6 Bxf6 14. Rxd6
Bxc3+ 15. Ke2 Qb5 16. bxc3 Qh5+ 17. f3 Rd8 18. Rhd1 O-O 19. e5 g5 20. Qf6 Rxd6
21. Rxd6 Qxh2 22. e6 Qxd6 23. Qxh6 1-0

[Event "Challenge"]
[Site "http://www.queenalice.com/game.php?id=704756"]
[Date "2009.12.28"]
[Round "-"]
[White "nekaun"]
[Black "BobySponja"]
[Result "1-0"]
[WhiteElo "1395"]
[BlackElo "1574"]

1. e4 e5 2. d4 exd4 3. Qxd4 d6 4. Bc4 Nc6 5. Qd5 Ne5 6. Bf4 Nf6 7. Bxe5 Nxd5 8.
Bxd5 dxe5 9. Nf3 Bd6 10. O-O Bg4 11. Nfd2 c6 12. Bc4 O-O 13. Nc3 b5 14. Bb3 a5
15. f3 Bh5 16. g4 Bg6 17. a4 b4 18. Ne2 Qb6+ 19. Kg2 Qe3 20. Rfe1 Qxd2 21. Rad1
Qe3 22. Rxd6 c5 23. Rd3 Qg5 24. Ng3 h5 25. gxh5 Bxh5 26. Rf1 Kh8 27. f4 exf4 28.
Rd5 Qg4 29. h3 Qxg3+ 30. Kh1 Bf3+ 31. Rxf3 Qxf3+ 32. Kg1 Qxe4 33. Rxc5 Qd4+ 34.
Kf1 Qxc5 35. c3 bxc3 36. bxc3 Qxc3 37. Bd5 Rfd8 38. Bxf7 Qb2 39. Bh5 Rd2 40. Bf3
1-0

[Event "Challenge"]
[Site "http://www.queenalice.com/game.php?id=704758"]
[Date "2009.12.28"]
[Round "-"]
[White "nekaun"]
[Black "Thematic_Chess"]
[Result "1-0"]
[WhiteElo "1297"]
[BlackElo "1724"]

1. e4 e5 2. d4 exd4 3. Qxd4 Nc6 4. Qc4 Nf6 5. Bg5 Be7 6. Nc3 d6 7. O-O-O h6 8.
Bf4 Be6 9. Qd3 O-O 10. Nf3 Qd7 11. Nd4 Nb4 12. Qe2 Nxa2+ 13. Kb1 Nxc3+ 14. bxc3
Qa4 15. Nb5 Qa2+ 16. Kc1 Bc4 17. Qxc4 Qa1+ 18. Kd2 1-0

[Event "Challenge"]
[Site "http://www.queenalice.com/game.php?id=704760"]
[Date "2009.12.28"]
[Round "-"]
[White "nekaun"]
[Black "thedead"]
[Result "1-0"]
[WhiteElo "1329"]
[BlackElo "1236"]

1. e4 e5 2. d4 exd4 3. Qxd4 Nc6 4. Qd1 d6 5. Nf3 a6 6. h4 Be7 7. Nc3 Bg4 8. Be2
Bxf3 9. Bxf3 Bxh4 10. g3 Be7 11. Qe2 Nf6 12. g4 Nd4 13. Qd3 h6 14. g5 Nxf3+ 15.
Qxf3 Qd7 16. gxf6 Bxf6 17. Nd5 1-0

[Event "Challenge"]
[Site "http://www.queenalice.com/game.php?id=720294"]
[Date "2010.1.25"]
[Round "-"]
[White "nekaun"]
[Black "colatina"]
[Result "1-0"]
[WhiteElo "1369"]
[BlackElo "1611"]

1. e4 e5 2. d4 exd4 3. Qxd4 Nc6 4. Qe3 Nb4 5. Qb3 Qh4 6. Be3 Nf6 7. c3 Nxe4 8.
Nd2 Qxf2+ 9. Bxf2 Nxd2 10. Kxd2 Nc6 11. Qc2 b6 12. Re1+ Be7 13. Nf3 d5 14. Bb5
Bd7 15. Re2 a6 16. Bxc6 Bxc6 17. Rhe1 O-O-O 18. b4 Bf6 19. Bd4 Bb5 20. Re3 Rd6
21. Qf5+ Bd7 22. Qc2 Re6 23. Bxf6 gxf6 24. Rd3 Rxe1 25. Kxe1 Re8+ 26. Kd1 Bg4
27. Qf2 Rd8 28. Qe3 Bf5 29. Rd2 c5 30. bxc5 b5 31. c6 Be4 32. Nd4 Rg8 33. Qf4
Bxg2 34. Qd6 Be4 35. c7 Re8 36. a4 bxa4 37. Rb2 1-0

[Event "Challenge"]
[Site "http://www.queenalice.com/game.php?id=720296"]
[Date "2010.1.25"]
[Round "-"]
[White "nekaun"]
[Black "prmntgen"]
[Result "0-1"]
[WhiteElo "1385"]
[BlackElo "1740"]

1. e4 e5 2. d4 exd4 3. Qxd4 Nc6 4. Qe3 d6 5. Qf3 Nf6 6. h3 Nd4 7. Qd3 Nc6 8. a3
Be7 9. Qg3 O-O 10. Bh6 Nh5 11. Qe3 Re8 12. g4 Nf6 13. Qg5 g6 14. Nc3 Nxe4 15.
Qf4 Nxc3 16. bxc3 Bg5+ 17. Be2 Bxf4 18. Bxf4 b6 19. Nf3 Ba6 20. Nd4 Nxd4 21.
cxd4 Bxe2 22. Ra2 Bc4+ 23. Kd2 Bxa2 24. h4 Qf6 25. Be3 Qf3 26. Re1 Qxg4 27. Ra1
Bc4 28. Re1 Qxh4 29. c3 Qe7 30. Kd1 Qf6 31. a4 Qf3+ 0-1

[Event "Challenge"]
[Site "http://www.queenalice.com/game.php?id=720313"]
[Date "2010.1.25"]
[Round "-"]
[White "nekaun"]
[Black "RodrigoNeres"]
[Result "0-1"]
[WhiteElo "1389"]
[BlackElo "1457"]

1. e4 e5 2. d4 f6 3. Nf3 Ne7 4. g4 d6 5. Nh4 Nbc6 6. c3 a6 7. Na3 b5 8. d5 Na5
9. c4 b4 10. Nc2 c6 11. Nxb4 c5 12. Nc6 Nexc6 13. dxc6 Nxc6 14. Nf5 g6 15. Ng3
Rb8 16. g5 fxg5 0-1

[Event "Challenge"]
[Site "http://www.queenalice.com/game.php?id=720316"]
[Date "2010.1.25"]
[Round "-"]
[White "nekaun"]
[Black "KaBaL"]
[Result "0-1"]
[WhiteElo "1405"]
[BlackElo "1678"]

1. e4 e5 2. d4 Qh4 3. Be3 Qxe4 4. Nc3 Bb4 5. Bd3 Qxg2 6. Qf3 Qxf3 7. Nxf3 Nf6 8.
O-O-O Ng4 9. dxe5 O-O 10. Rhg1 Nxe3 11. fxe3 Nc6 12. Nd5 Bc5 13. Rg2 Nb4 14. Bc4
Nxd5 15. Rxd5 Bxe3+ 16. Kd1 Re8 17. h4 h5 18. e6 dxe6 19. Rxh5 Rd8+ 20. Ke2 Bf4
21. Rg4 Bc1 0-1

[Event "Challenge"]
[Site "http://www.queenalice.com/game.php?id=720317"]
[Date "2010.1.25"]
[Round "-"]
[White "nekaun"]
[Black "fieldesigner"]
[Result "0-1"]
[WhiteElo "1383"]
[BlackElo "1422"]

1. e4 e5 2. d4 Nc6 3. Be3 Qh4 4. c3 Qxe4 5. Bd3 Qxg2 6. Qf3 Qxf3 7. Nxf3 d6 8.
dxe5 dxe5 9. Nbd2 Nh6 10. h3 f6 11. Nc4 Be6 12. b3 Bd5 13. Nfxe5 fxe5 14. Nd2
Bxh1 15. f3 Bg2 16. O-O-O Rd8 17. Rg1 Bxh3 18. Nc4 Rxd3 19. Kc2 Rd8 20. a4 Nf5
21. Bd2 Bc5 22. Rg5 Rf8 23. b4 Bf2 24. Rh5 Bf1 25. Na5 Nxa5 26. bxa5 Rd3 27. Rh1
Ng3 28. Rh5 Nxh5 29. Bc1 Rfxf3 30. Kb1 Rxc3 31. Bb2 Rc5 0-1

[Event "Challenge"]
[Site "http://www.queenalice.com/game.php?id=720318"]
[Date "2010.1.25"]
[Round "-"]
[White "nekaun"]
[Black "Loro"]
[Result "0-1"]
[WhiteElo "1387"]
[BlackElo "1582"]

1. e4 e5 2. d4 d5 3. exd5 Qxd5 4. Nc3 Qe6 5. d5 Qe7 6. Bd3 Nf6 7. h3 Qc5 8. Be3
Qb4 9. a3 Qxb2 10. Ne4 Bxa3 11. Rb1 Qa2 12. Nf3 Qxd5 13. Rb5 c5 14. Bxc5 Bxc5
15. Rxc5 Qe6 16. Nxe5 O-O 17. Nf3 Nbd7 18. Rc3 Nxe4 19. Rc4 Nc3+ 20. Re4 Nxe4
21. Qe2 Ndc5 22. Bc4 Qb6 23. O-O Bf5 24. Bd3 Nc3 25. Qe5 Bxd3 26. cxd3 Nb5 27.
Rc1 Nxd3 28. Qe3 Qxe3 0-1

[Event "Challenge"]
[Site "http://www.queenalice.com/game.php?id=721269"]
[Date "2010.1.27"]
[Round "-"]
[White "colatina"]
[Black "nekaun"]
[Result "1-0"]
[WhiteElo "1725"]
[BlackElo "1392"]

1. e4 e5 2. d4 exd4 3. Qxd4 Nc6 4. Qe3 Nf6 5. Nf3 Bd6 6. e5 Nd5 7. Qg5 Qxg5 8.
Bxg5 Nxe5 9. Nxe5 Bxe5 10. c3 f6 11. Bc4 c6 12. Nd2 fxg5 13. O-O Nf4 14. Rfe1 d6
15. Nf3 Kd8 16. Rad1 Kc7 17. Nxe5 dxe5 18. g3 Bg4 19. Rd2 Bf3 20. Rxe5 h6 21.
gxf4 gxf4 22. Re7+ Kb6 23. Rdd7 Rhc8 24. Rxb7+ Kc5 25. Ba6 Kd6 26. Rbd7+ Kc5 27.
Bxc8 Rxc8 28. Rxg7 Re8 29. Rge7 Rg8+ 30. Rg7 Re8 31. Rge7 Rg8+ 32. Rg7 Re8 33.
Rde7 Rd8 34. Re1 1-0

[Event "Challenge"]
[Site "http://www.queenalice.com/game.php?id=721270"]
[Date "2010.1.27"]
[Round "-"]
[White "nekaun"]
[Black "colatina"]
[Result "0-1"]
[WhiteElo "1395"]
[BlackElo "1722"]

1. e4 e5 2. d4 exd4 3. Qxd4 Nc6 4. Qe3 Qe7 5. Nf3 Nf6 6. h3 Qxe4 7. Nc3 Qxe3+ 8.
Bxe3 Bb4 9. Rd1 Ne4 10. Bd2 Nxd2 11. Rxd2 O-O 12. Re2 d5 13. a3 Bxc3+ 14. bxc3
Bf5 15. g4 Bxc2 16. Rxc2 Rad8 17. Be2 Rfe8 18. h4 d4 19. O-O d3 20. Bxd3 Ne5 21.
Ng5 Rxd3 22. Re1 Nf3+ 23. Nxf3 Rxe1+ 24. Kg2 f6 25. Nxe1 Rd7 26. Re2 b5 27. Nf3
Rd3 28. g5 Rxc3 29. Re3 Rc5 30. Re7 h6 31. g6 Kf8 32. Re6 a5 33. Re4 Rc3 34. Nd4
Rc4 0-1

[Event "Round 2"]
[Site "http://www.queenalice.com/game.php?id=722687"]
[Date "2010.1.30"]
[Round "-"]
[White "nekaun"]
[Black "dechian"]
[Result "0-1"]
[WhiteElo "1389"]
[BlackElo "1854"]

1. e4 e5 2. d4 exd4 3. Qxd4 Nc6 4. Qe3 b6 5. Bd3 Bb4+ 6. c3 Bc5 7. Qf3 Nf6 8.
Bf4 d6 9. e5 Bxf2+ 10. Qxf2 dxe5 11. Bg5 Qxd3 12. Ne2 Ne4 13. Qf1 Nxg5 14. Na3
Ba6 15. c4 O-O-O 16. Nc3 Qd2# 0-1